000 00748cab a2200229 4500
001 ABS58456
008 090401t1998 xxu||||| |||| 00| 0 eng d
035 _a(Sirsi) u85339
041 _aeng
100 _aLewison, K.
245 _aLandlords` scope to enforce repairs opens up
260 _c1998
350 _a0
490 _aProperty Week
_v62(11) 27 March 1998, 29(1)
520 _aExamines specific performance orders by courts as a means of ensuring tenants comply with repair obligations. Refers to "Rainbow Estates v Tokenhold".
650 _aRAINBOW ESTATES LTD V TOKENHOLD LTD
650 _aREPAIR OBLIGATIONS
650 _aSPECIFIC PERFORMANCE
690 _aPROPERTY-LANDLORD AND TENANT
942 _n0
948 _c31/03/1998
999 _c53660
_d53660